| 000 | 00642nam a2200217Ia 4500 | ||
|---|---|---|---|
| 001 | 15109 | ||
| 003 | GE_BSU | ||
| 008 | 181216s||||||||xx |||||||||||||| ||und|| | ||
| 040 | _cGE_BSU | ||
| 080 | _a519.6(075.32) | ||
| 100 | _aВоробьева,Г,Н | ||
| 245 | _aПрактикум по численным методам | ||
| 245 | _bУчеб.пособ. для техникумов | ||
| 245 | _cРед:А,Н, Данилова | ||
| 260 | _aМосква | ||
| 260 | _bВысшая школа | ||
| 260 | _c1979 | ||
| 300 | _a184стр, 22см | ||
| 653 | _aПрактикум по численным методам | ||
| 942 | _cBK | ||
| 999 |
_c48225 _d48225 |
||